EEUU-El Salvador: oposición obrera a la intervención

Gorde:
Xehetasun bibliografikoak
Formatua: Texto
Etiketak: Etiketa erantsi
Etiketarik gabe, Izan zaitez lehena erregistro honi etiketa jartzen!

MARC

LEADER 00000 a a2200000 04500
001 18061
003
040
245 |a EEUU-El Salvador:   |b oposición obrera a la intervención  
773 |g volumen 5, número 22; páginas 254  
999 |c 36463  |d 36463